| 000 | 00542nam a2200205Ia 4500 | ||
|---|---|---|---|
| 999 |
_c5245 _d5245 |
||
| 001 | 19718753 | ||
| 003 | OCoLC | ||
| 005 | 20190102110426.0 | ||
| 008 | 890517s1984 txu 000 0 eng d | ||
| 020 | _a0938458167 (pbk.) | ||
| 040 |
_aMOG _cMOG _dBSC |
||
| 082 |
_a234.13 _bC782A |
||
| 092 |
_a234.131 _bC782a |
||
| 100 | 1 | _aCopeland, Gloria | |
| 245 | 1 | 0 |
_aAnd Jesus healed them all / _cby Gloria Copeland. |
| 260 |
_aFort Worth, Tex. : _bKCP Pub., _cc1984. |
||
| 300 |
_a39 p. ; _c22 cm. |
||
| 650 | 0 | _aSpiritual healing. | |
| 942 |
_2ddc _cBK |
||